|
|
|
|
| LEADER |
00000nam0a2200000 4500 |
| 001 |
122777 |
| 005 |
20231101215750.0 |
| 010 |
|
|
|a 9785741805084
|
| 035 |
|
|
|a (RuTPU)RU\TPU\book\132920
|
| 090 |
|
|
|a 122777
|
| 100 |
|
|
|a 20071008d2008 m y0rusy50 ca
|
| 101 |
0 |
|
|a rus
|
| 102 |
|
|
|a RU
|
| 105 |
|
|
|a a j 001zy
|
| 200 |
1 |
|
|a Задачник по разрушению горных пород
|e учебное пособие
|f Г. Г. Каркашадзе
|g Московский государственный горный университет (МГГУ)
|
| 210 |
|
|
|a Москва
|c Изд-во Московского гос. горного ун-та
|d 2008
|
| 215 |
|
|
|a 165 с.
|c ил.
|
| 225 |
1 |
|
|a Горное образование
|
| 320 |
|
|
|a Список использованной литературы: с. 164.
|
| 330 |
|
|
|a Представлены постановка задач, основные теоретические положения, решения в виде аналитических зависимостей и примеры их компьютерной реализации на языке Mathcad. Рассмотрены задачи разрушения горных пород под действием механической нагрузки с использованием различных критериев прочности, а также задачи по статистической обработке результатов экспериментов и производственной информации в технологических процессах разрушения горных пород при взрывной отбойке. Представлены задачи и решения в процессах щелевой разгрузки призабойной зоны скважины, термического расширения скважин произвольной конфигурации, суперпозиции напряжений применительно к взрывной отбойке, дроблению на обогатительной фабрике и др. Задачи иллюстрируются примерами расчетов и могут быть самостоятельно реализованы на персональном компьютере с возможностью формирования пользователем собственной библиотеки прикладных задач, используемых в практической деятельности. Сформулированы задачи для самостоятельной работы, представляющие научный и практический интерес.Для студентов вузов, обучающихся по специальности «Физические процессы горного или нефтегазового производства» направления подготовки «Горное дело».
|
| 606 |
1 |
|
|a Горные породы
|x Разрушение
|x Теория
|2 stltpush
|3 (RuTPU)RU\TPU\subj\8035
|9 35529
|
| 610 |
1 |
|
|a горное дело
|
| 610 |
1 |
|
|a деформация
|
| 610 |
1 |
|
|a напряжение
|
| 610 |
1 |
|
|a прочность
|
| 610 |
1 |
|
|a механика
|
| 610 |
1 |
|
|a дробление
|
| 610 |
1 |
|
|a измельчение
|
| 610 |
1 |
|
|a задачи
|
| 610 |
1 |
|
|a учебные пособия
|
| 675 |
|
|
|a 622.23(076)
|v 3
|
| 700 |
|
1 |
|a Каркашадзе
|b Г. Г.
|g Гиоргий Григолович
|
| 712 |
0 |
2 |
|a Московский государственный горный университет (МГГУ)
|c (1993- )
|2 stltpush
|3 (RuTPU)RU\TPU\col\453
|
| 801 |
|
1 |
|a RU
|b 63413507
|c 20071008
|g PSBO
|
| 801 |
|
2 |
|a RU
|b 63413507
|c 20201105
|g PSBO
|
| 900 |
|
|
|a Разрушение горных пород
|
| 942 |
|
|
|c BK
|
| 951 |
|
|
|b 130400
|b 130401
|
| 959 |
|
|
|a 69/20071008
|d 10
|e 350,00
|f АНЛ:3
|f ЧЗТЛ:2
|f УФ:5
|